Statistics for Cold War Proxy Battles

Click here to take the quiz!

General Stats

  • This quiz has been taken 229 times
    (225 since last reset)
  • The average score is 32 of 78

Answer Stats

YearsAnswer% Correct
1977-1991Cambodian-Vietnamese War
98%
1953-1975Second Indochina War/Vietnam War
98%
1979Sino-Vietnamese War
98%
1966-1969Korean DMZ Conflict
94%
1950-1953Korean War
94%
1979-1989Afghan-Soviet War
83%
1989-1992Afghan Civil War
80%
1962Cuban Missile Crisis
80%
1944-1949Chinese Civil War
79%
1945-1946Iran Crisis of 1946
77%
1961-1970First Iraqi-Kurdish War
72%
1987-1988Thai–Laotian Border War
68%
1982Ethiopian–Somali Border War
67%
1974-2002Angolan Civil War
66%
1978-1987Chadian–Libyan Conflict
66%
1975-presentInsurgency in Laos
66%
1967-presentNaxalite–Maoist Insurgency
65%
1963-presentInsurgency in Northeast India
64%
1948-presentArab-Israeli Conflict
63%
1960-1996Central American Crisis
63%
1969Al-Wadiah War
61%
1960-1965Congo Crisis
58%
1974-1991Ethiopian Civil War
58%
1975-1999Indonesian occupation of East Timor
57%
1956Hungarian Revolution of 1956
54%
1977-1992Mozambican Civil War
54%
1962-1970North Yemen Civil War
54%
1972Yemenite War of 1972
54%
1979Yemenite War of 1979
54%
1967-1970Nigerian Civil War
53%
1966-1990South African Border War
52%
1954-1962Algerian War
51%
1948-1960Malayan Emergency
50%
1948-presentInternal Conflict in Myanmar
48%
1964-1979Rhodesian Bush War
48%
1976-presentCivil conflict in Turkey
47%
1965-1979Chadian Civil War
46%
1968-1989Communist Insurgency in Malaysia
46%
1955-1972First Sudanese Civil War
46%
1983Invasion of Grenada
46%
1978-1979Uganda–Tanzania War
46%
19581958 Lebanon Crisis
42%
1975-1990Lebanese Civil War
42%
1956Polish Uprising
41%
1944-1949Greek Civil War
40%
1961-1974 + 1974-1991Eritrean War of Independence
39%
1977-1997Chittagong Hill Tracts conflict
36%
1980-presentInternal Conflict in Peru
36%
1965-1983Communist Insurgency in Thailand
31%
1966-1967Bolivian Campaign
30%
1983-2009Sri Lankan Civil War
27%
1952-1960Mau Mau Uprising
26%
1956-1957Suez Crisis
26%
1965Dominican Civil War
22%
1960-1974Portuguese Colonial War
20%
1947Paraguayan Civil War
19%
1959-19621959 Tibetan Uprising
15%
1968Prague Spring
14%
1944-1956Baltic Forest Brothers
13%
1946-1954First Indochina War
10%
1968-1989Operation Condor
8%
1975-1991Western Sahara War
8%
1969-presentCivil Conflict in the Philippines
7%
1963-1967Aden Emergency
6%
1977-1978Ogaden War
6%
1963Sand War
6%
1977Shaba I
6%
1978Shaba II
6%
1968-1982Years of Lead
6%
1962-1976Dhofar Rebellion
5%
1975-presentCabinda War
4%
1954-1955First Taiwan Strait Crisis
4%
1962-1990Sarawak Communist Insurgency
4%
1958Second Taiwan Strait Crisis
4%
1948-presentBalochistan Conflict
3%
1978-1982NDF Rebellion
3%
1960s-presentXinjiang Conflict
3%
1945-1954Trieste
1%

Score Distribution

Percentile by Number Answered

Percent of People with Each Score

Your Score History

You have not taken this quiz since the last reset